MARC

Tag First Indicator Second Indicator Subfields
LEADER 00000cam a22000001a 4500
001 in00003273321
005 20190404201357.0
006 m d f
007 cr bn mmmapmmp
008 110909s2009 dcua o f000 0 eng d
035 |a chdc200900040 
040 |a ProQuest  |c ProQuest  |d UtOrBLW 
043 |a n-us--- 
074 |a 1011 
099 |a HRG-2009-HAP-0025 (pt.1) 
099 |a HRG-2009-HAP-0027 (pt.2) 
099 |a HRG-2009-HAP-0026 (pt.3) 
110 1 |a United States.  |b Congress.  |b House.  |b Committee on Appropriations.  |b Subcommittee on Transportation, Housing and Urban Development, and Related Agencies. 
245 1 0 |a Departments of Transportation, and Housing and Urban Development, and related agencies appropriations for 2010 :  |b hearings before a subcommittee of the Committee on Appropriations, House of Representatives, One Hundred Eleventh Congress, first session /  |c Subcommittee on the Departments of Transportation, and Housing and Urban Development and Related Agencies Appropriations. 
246 1 8 |a Transportation, and Housing and Urban Development, and related agencies for 2010 
264 1 |a Washington :  |b U.S. G.P.O. :  |c 2009- 
264 2 |a Washington :  |b [U.S. G.P.O., Supt. of Docs., distributor], 
300 |a 1 online resource. 
336 |a text  |b txt  |2 rdacontent 
337 |a computer  |b c  |2 rdamedia 
338 |a online resource  |b cr  |2 rdacarrier 
500 |a Shipping list number unavailable. 
505 1 |a pt. 1. FY 2009 budget justifications: Office of the Secretary, FAA, FHA, FMCSA. 
500 |a Reuse of record except for individual research requires license from ProQuest, LLC. 
500 |a Electronic resource. 
538 |a System requirements: PDF reader software. 
610 1 0 |a United States.  |b Department of Transportation  |x Appropriations and expenditures. 
610 1 0 |a United States.  |b Department of Housing and Urban Development  |x Appropriations and expenditures. 
650 0 |a Administrative agencies  |z United States  |x Appropriations and expenditures. 
651 0 |a United States  |x Appropriations and expenditures, 2010. 
655 7 |a Electronic books.  |2 local 
710 2 |a ProQuest (Firm) 
776 0 8 |i Print version:   |a United States.Congress.House.Committee on Appropriations.Subcommittee on Transportation, Housing and Urban Development, and Related Agencies.  |t Departments of Transportation, and Housing and Urban Development, and related agencies appropriations for 2010  |w (DLC)2009416442  |w (OCoLC)ocn412767847  |z 9780160833083 (pt. 1)  |z 0160833086 (pt. 1) 
776 0 8 |i Microfiche version:   |a United States.Congress.House.Committee on Appropriations.Subcommittee on Transportation, Housing and Urban Development, and Related Agencies.  |t Departments of Transportation, and Housing and Urban Development, and related agencies appropriations for 2010  |d [Bethesda, Md.] : ProQuest LLC, [2004]  |o CIS 2009 H181-35 (pt.1)  |o CIS 2009 H181-36 (pt.2)  |o CIS 2009 H181-37 (pt.3)  |w (ProQuest)cis00900052 
830 0 |a U.S. Congressional Hearings. 
856 4 0 |u http://proxy.library.tamu.edu/login?url=http://congressional.proquest.com/congcomp/getdoc?HEARING-ID=HRG-2009-HAP-0025  |3 (pt.1)  |z Connect to the full text of this electronic book  |t 0 
856 4 0 |u http://proxy.library.tamu.edu/login?url=http://congressional.proquest.com/congcomp/getdoc?HEARING-ID=HRG-2009-HAP-0027  |3 (pt.2)  |z Connect to the full text of this electronic book  |t 0 
856 4 0 |u http://proxy.library.tamu.edu/login?url=http://congressional.proquest.com/congcomp/getdoc?HEARING-ID=HRG-2009-HAP-0026  |3 (pt.3)  |z Connect to the full text of this electronic book  |t 0 
998 |a cis00900052 
999 |a MARS 
999 f f |s 8a1dbbf9-db35-37f4-a955-eb94c96f87e0  |i db408546-e6c4-3e2d-97d7-23faea4ab839  |t 0 
952 f f |a Texas A&M University  |b College Station  |c Electronic Resources  |d Available Online  |t 0  |e HRG-2009-HAP-0026 (pt.3)  |h Other scheme 
998 f f |a HRG-2009-HAP-0026 (pt.3)  |t 0  |l Available Online